00670nam a22002177a 450000500170000000800410001702000180005804000210007604100080009708200160010524500680012125000120018926000450020130000100024665000400025665000410029670000310033770000270036870000310039570000260042620211110143321.0211110b ||||| |||| 00| 0 eng d a9789391064259 aIN-DiNCcIN-DiNC dasm a370.54bSWA aSwadhinuttar bharatar shiksha/cby Daisy Rani Chutia and others a1st ed. aDibrugarh:bMahaveer publications,c2021 a368p. aIndian education after independence aIndian education in post independent aChutia, Daisy Ranieauthor aBaruah, Ankitaeauthor aGogoi, Kunja Mukuleauthor aLahon, Ankitaeauthor